1189 1025 1345 1662 1083 1459 1714 1743 1243 1011 1673 1726 1283 1100 1725 1543 1864 1776 1092 1172 1661 1712 1965 1775 1581 1981 1131 1852 1051 1568 1850 1692 1680 1922 1904 1949 1725 1939 1114 1898 1499 1948 1584 1045 1752 1412 1724 1315 1571 1176 1331 1038 1785 1746 1689 1593 1521 1819 1341 1740 1477 1695 1255 1605 1246 1300 1906 1633 1314 1589 1021 1192 1723 1647 1876 1156 1537 1553 1861 1619 1939 1684 1257 1534 1697 1575 1304 1261 1779 1090 1293 1005 1098 1623 1717 1066 1160 1499 1067 BCNSPRNW ULIB Ver.6.0+V

เปลี่ยนเป็นภาษาไทย

Change to English
 แสดงรายละเอียดบรรณานุกรม
  กลับหน้าหลัก

Brief Record : Get Marc (ISO 2709) : E-mail record : QR code < ปิดหน้าต่าง
LEADER : 00000nam 2200000uu 4500
001    13399112065
003     ULIB
008    110627s2552||||th 000 0 tha d
020    9786117002014
090    นว.^bช245ม 2552
100 0  ชลาลัย
245 00 เมียนอกหัวใจ/^cชลาลัย
250    พิมพ์ครั้งที่ 1
260    กรุงเทพฯ :^bSugar Beat,^c2552
300    336 หน้า
710 1  Sugar Beat
945    ^p220^l0^i026023
995    ทศพร
999 ^a ใช้งานได้ทุกระบบ
รายการนี้ยังไม่มีแท็ก
คุณยังไม่ได้ล็อกอิน คุณสามารถมีกิจกรรมร่วมกับเว็บไซต์ได้ แต่ต้องล็อกอินก่อน ::
  ล็อกอิน

รายการสื่อสารสนเทศ

ลำดับที่ ประเภท เลขเรียก/บาร์โค้ด สถานที่ สถานะ
- ไม่พบข้อมูล -

รายการใกล้เคียง
    ผู้แต่ง [ชลาลัย]

BibComment


ยังไม่เคยถูกคอมเมนท์

คอมเมนท์ทรัพยากรรายการนี้
  คอมเมนท์: เมียนอกหัวใจ ชลาลัย


 Copyright 2026. Bcnsprnw @Library